| 000 | 00465nam a2200157Ia 4500 | ||
|---|---|---|---|
| 003 | OSt | ||
| 005 | 20200625152230.0 | ||
| 008 | 190216s9999||||xx |||||||||||||| ||und|| | ||
| 040 | _coclc | ||
| 082 |
_a954 _bPAN/I |
||
| 100 |
_aPanikkar, K M _93047 |
||
| 245 | 0 |
_aIndia Charitrathile Bhoomisasthraghatakangal / _cK M Panikkar |
|
| 260 |
_bNational Book Stall, _c1965. _aKottayam: |
||
| 300 | _a159p | ||
| 942 |
_cBK _2ddc _h954 _iPAN/I _k954 _mPAN/I |
||
| 999 |
_c18910 _d18910 |
||